书目信息 |
| 题名: |
中外民歌精选
|
|
| 作者: | ;蓝天出版社 | |
| 分册: | ||
| 出版信息: | 北京 蓝天出版社 2001 |
|
| 页数: | 259页 | |
| 开本: | 21cm | |
| 丛书名: | ||
| 单 册: | ||
| 中图分类: | J652.2 | |
| 科图分类: | ||
| 主题词: | 民歌--世界--选集 , 民歌 | |
| 电子资源: | ||
| ISBN: | 7-80158-104-0 | |
| 000 | 00778nam0 2200241 450 | |
| 001 | 0104000022 | |
| 005 | 20061013095756.50 | |
| 010 | @a7-80158-104-0@dCNY16.00 | |
| 100 | @a20051012d2001 em y0chiy0110 ea | |
| 101 | 0 | @achi |
| 102 | @aCN@b110000 | |
| 105 | @ag z 000yy | |
| 200 | 1 | @a中外民歌精选@Azhong wai min ge jing xuan@f蓝天出版社 |
| 210 | @a北京@c蓝天出版社@d2001 | |
| 215 | @a259页@d21cm | |
| 330 | @a本书收有“牧歌”、“小白菜”、“四季歌”、“浏阳河”、“小放牛”、“宝贝”、“三套车”、“四季歌”、“红河谷”等中外民歌百余首。 | |
| 606 | 0 | @a民歌@y世界@j选集 |
| 606 | 0 | @a民歌 |
| 690 | @aJ652.2@v4 | |
| 711 | 02 | @a蓝天出版社@Alan tian chu ban she |
| 801 | 0 | @aCN@b北京荣雅伟业图书经销中心@c20061013 |
| 905 | @aBZT@dJ652.2@e128 | |
| 906 | @dCNY16.00@n0@r1 | |
| 中外民歌精选/蓝天出版社.-北京:蓝天出版社,2001 |
| 259页;21cm |
| ISBN 7-80158-104-0:CNY16.00 |
| 本书收有“牧歌”、“小白菜”、“四季歌”、“浏阳河”、“小放牛”、“宝贝”、“三套车”、“四季歌”、“红河谷”等中外民歌百余首。 |
| ● |
| 相关链接 |
|
|
|
正题名:中外民歌精选
索取号:J652.2/128
 
预约/预借
| 序号 | 登录号 | 条形码 | 馆藏地/架位号 | 状态 | 备注 |
| 1 | 500536 | 230019615 | 中心书库中库/ 中库020架B面2列5层85/ [索取号:J652.2/128] | 在馆 | |
| 2 | 500537 | 230019618 | 中心书库中库/ 中库021架A面1列4层13/ [索取号:J652.2/128] | 在馆 | |
| 3 | 500538 | 230019617 | 中心书库中库/ 中库020架B面2列5层84/ [索取号:J652.2/128] | 在馆 | |
| 4 | 500539 | 230019620 | 中心书库中库/ 中库020架B面2列5层83/ [索取号:J652.2/128] | 在馆 | |
| 5 | 500540 | 230019619 | 中心书库中库/ 中库020架B面2列5层86/ [索取号:J652.2/128] | 在馆 |